00925nam a2200217 a 450000100100000000500170001000800410002702000150006804000250008308200160010810000390012424501150016326000510027830000210032950000980035050400740044870000390052204900090056195201200057099900170069000002506420200930023536.0110209s1987 sp r 000 0 spa d a8474261287 aDO-SdBNPbspacBNPHU axxxxbS123p1 aSacristán Luzón, Manuel91375110aPacifismo, ecología y política alternativa /cManuel Sacristán Luzón ; edición Juan Ramón Capella. aBarcelona, España :bIcaria Antrazyt,c1987. a208 p. ;c20 cm. aIncluye referencia biográfica del autor en la solapa de la cubierta y de la contracubierta. aIncluye referencias bibliográficas y notas al pie de las páginas.1 aCapella, Juan Ramón,eed.948668 aBNGR 001054708MOaGRbGRcCTd2011-02-09iLF1l0oxxxx S123pp25064-10r2020-06-25w2020-06-25y4ZPréstamo en sala c24557d24557